00441pam a2200157 a 4500020001200000040002500012041001300037082001500050100002800065245006700093250001400160260004900174300001400223365001200237653003400249 c1248.00 aMedical College Libr aENGhENG a617.7bROY aRoy, Hampton Frederick. aOcular Syndromes And Systemic Diseases / chTextual Documents a3rd / b. a : bLippincott Williams & Wilkins , c2002. a1446 ; c a1248.00 aOphthamologyaMedical Science